Mercato PSG 2025/2026 - Statistiques

Statistiques générales
  • Ce quiz a été pris 149 fois
  • Le résultat moyen est 4 sur 7
Statistiques - réponses
Nationalité Ancien club Nouveau club Prix Réponse % Correct
France LOSC Paris Saint Germain 40M€ Lucas Chevalier
99%
Ukraine Bournemouth Paris Saint Germain 63M€ Ilya Zabarnyi
83%
Slovaquie Paris Saint Germain Fenerbahce 7M€ Milan Skriniar
75%
Brésil/Italie AS Roma Paris Saint Germain Libre Renato Marin
63%
Brésil Paris Saint Germain SC Braga Prêt Gabriel Moscardo
54%
France Paris Saint Germain FC Copenhague Prêt Yoram Zague
46%
Maroc Paris Saint Germain Montpellier Prêt Naoufel El Hannach
27%
Aucun quiz correspondant
Distribution des résultats
% des personnes avec chaque résultat
Percentile par nombre de réponses
Votre historique - résultats
Vous n’avez pas pris ce quiz